000 00642nam a2200241Ia 4500
003 OSt
005 20221007082522.0
006 a|||||r|||| 00| 0
007 ta
008 221006b |||||||| |||| 00| 0 eng d
024 _a26,282
037 _cReports / Technical Reports
040 _aFLL
_cFLL
_beng
041 _2eng
_aeng
082 _aX7:8F.2.N85t,p, M7.23-43
110 _aGovt. of India
245 0 _aPublic accounts committee
260 _c1987
300 _av,71p
_ccm.
700 _aGovt. of India
942 _hX7:8F.2.N85t,p, M7.23-43
_cREP
_2CC
999 _c1166696
_d1166696